000 00795cab a2200277 4500
001 ABS43750
008 090401t1990 xxu||||| |||| 00| 0 eng d
035 _a(Sirsi) u43337
041 _aeng
100 _aParsons, G.
245 _aLeases: grants (or assignments) and taxation
260 _c1990
350 _a0
490 _aRent Review & Lease Renewal
_v11 (1) Autumn 1990, 32-37 (6)
520 _aDeals with taxation aspects for assignment and granting of business leases including income tax and capital gains .
650 _aCAPITAL GAINS TAX ACT 1979
650 _aDRUMMOND V BROWN
650 _aLONG LEASE
650 _aPREMIUMS
650 _aRELIEF
650 _aSHORT LEASE
650 _aTAXES ACT 1988
690 _aTAXATION
942 _n0
948 _c04/03/1997
999 _c27687
_d27687